000
00292nam a2200109Ia 4500
008
200302s9999 xx 000 0 und d
100
_a
Shashikant B. Sawant
245
_a
The City of Poona A Study in Urban Geography
260
_b
G. J. Abghyankar Published
260
_c
1978
300
_a
176 P.,
999
_c
2180
_d
2180